Devine mes bias wreckers dans mes groupes de kpop - Statistiques

Statistiques générales
  • Ce quiz a été pris 295 fois
    84 depuis la dernière actualisation
  • Le résultat moyen est 16 sur 27
Statistiques - réponses
GROUPES BIAS WRECKER % Correct
BLACKPINK Jisoo
99%
MCND Win
93%
AESPA Winter
93%
STRAY KIDS Hyunjin
84%
BTS Jungkook
84%
IVE Wonyoung
83%
ENHYPEN Heeseung
81%
KATSEYE Yoonchae
80%
KATSEYE Megan
79%
LE SSERAFIM Yunjin
77%
I-DLE Shuhua
76%
BABYMONSTER Asa
69%
ITZY Chaeryeong
66%
ATEEZ Wooyoung
64%
TXT Huening Kai
63%
A.C.E Chan
50%
SHINEE Minho
50%
P1HARMONY Jiung
36%
SHINEE Onew
36%
NCT DREAM Renjun
33%
SUPERM Lucas
31%
WAYV Xiaojun
30%
NCT 127 Jungwoo
29%
WAYV Yangyang
29%
MONSTA X Hyungwon
14%
IKON Song
13%
A.C.E Junhee
10%
Aucun quiz correspondant
Distribution des résultats
% des personnes avec chaque résultat
Percentile par nombre de réponses
Votre historique - résultats
Vous n’avez pas pris ce quiz depuis la dernière actualisation